El pensamiento histórico griego

Պահպանված է:
Մատենագիտական մանրամասներ
Հիմնական հեղինակ: Toynbee, Arnold Joseph (autor)
Ձևաչափ: Գիրք
Լեզու:իսպաներեն
Հրապարակվել է: Buenos Aires, Argentina Sudamericana 1967
Շարք:Indice
Խորագրեր:
Ցուցիչներ: Ավելացրեք ցուցիչ
Չկան պիտակներ, Եղեք առաջինը, ով նշում է այս գրառումը!

MARC

LEADER 00000cam a2200000 a 4500
001 UCP9743
003 CL-VaPUC
005 20220321103309.0
008 000331e19670000AG |||||||||||||||||spa|d
999 |c 286529  |d 286527 
040 |c Pontificia Universidad Católica de Valparaíso 
082 0 4 |a 938.0072 TOY 1967  |2 21 
100 |a Toynbee, Arnold Joseph   |e autor   |9 315218 
245 1 3 |a El pensamiento histórico griego 
260 |a Buenos Aires, Argentina  |b Sudamericana  |c 1967 
300 |a 259 páginas 
490 0 |a Indice 
583 |a last modification  |c 20150416 15:37:45  |k Rodrigo Vera 
600 0 7 |a HERODOTO  |2 CL-VaPUC  |9 337011 
600 0 7 |a TUCIDIDES  |2 CL-VaPUC  |9 440519 
650 0 |a Historia antigua  |9 267521 
650 0 |a Historiografía   |9 257871 
650 0 |a Filosofía de la historia  |9 265651 
651 0 |a Grecia  |9 265314 
942 |c BK  |2 ddc 
945 |d 20000331 00:00:00  |a rherrera 
952 |0 0  |1 0  |2 ddc  |4 0  |6 938_007200000000000_TOY_1967  |7 0  |8 A  |9 332515  |a BIBHIS  |b BIBHIS  |d 2019-11-20  |i 1261509  |o 938.0072 TOY 1967  |p 1261509  |r 2025-01-20  |t 1  |w 2019-11-20  |y BK  |k HIS